000 00628nam a2200193 i 4500
001 79471
003 ES-MaACL
005 20230906174002.0
007 t|
008 041021s1924 sp ||||1| spa d
100 1 _aHernández, Lope,
_d1896-1979
_962830
245 1 3 _aLa sombra del mal
_b: ; La primera aventura : novelas /
_cLope Hernández ; con una carta prólogo de Concha Espina.
260 _aMadrid :
_b[s.n.,
_c1924] (
_fGráfica Universal)
300 _a96 p.
700 1 _aEspina, Concha,
_d1869-1955
_947834
740 3 _aLa primera aventura.
852 _aES-MaACL
_jF-5314
_bR.5046
999 _c79471
_d79471